The Money Book (Record no. 344578)

MARC details
000 -LEADER
fixed length control field 00459nam a2200169Ia 4500
008 - FIXED-LENGTH DATA ELEMENTS--GENERAL INFORMATION
fixed length control field 230718s9999 xx 000 0 und d
020 ## - INTERNATIONAL STANDARD BOOK NUMBER
International Standard Book Number 9788129137531
041 ## - LANGUAGE CODE
Language code of text/sound track or separate title eng
082 ## - DEWEY DECIMAL CLASSIFICATION NUMBER
Classification number 332.4
Item number LAW
100 ## - MAIN ENTRY--PERSONAL NAME
Personal name Law V.
9 (RLIN) 200025
245 ## - TITLE STATEMENT
Title The Money Book
Remainder of title Your Money's Best Friend
260 ## - PUBLICATION, DISTRIBUTION, ETC. (IMPRINT)
Date of publication, distribution, etc. 2016
Name of publisher, distributor, etc. Rupa Publications
300 ## - PHYSICAL DESCRIPTION
Extent 194
365 ## - TRADE PRICE
Currency code Rs.
Price amount 395.00
700 ## - ADDED ENTRY--PERSONAL NAME
Personal name Law V.
9 (RLIN) 200025
906 ## - LOCAL DATA ELEMENT F, LDF (RLIN)
d O:0551504-May-2017B:314513-Apr-2017
c GENRL
b 86.9
Holdings
Withdrawn status Lost status Damaged status Not for loan Home library Current library Date acquired Vendor Budget Code Cost, normal purchase price Bill number Total Checkouts Full call number Barcode Date last seen Discount Cost, replacement price Bill Date Koha item type Original Barcode
        Cummins College of Engineering for Women Pune Cummins College of Engineering for Women Pune 04/05/2017 Technical Book Services GENRL 308.10 3145   332.4 CCEP-BK-55785 18/07/2023 86.9 395.00 13/04/2017 Books 055785